00337nam a2200133Ia 4500008004100000020001500041041001200056082001100068100001800079245005400097260003600151300000800187650000800195221030s9999 xx 000 0 und d a812192555X aEnglish a105.23 aB. L. Theraja 0aBasic Electronics - Solid Statecby B. L. Theraja bS. Chand & Co.aNew Delhic2009 a715 aECE